00278nam a2200121Ia 45000030006000000080041000060400015000471000018000622450019000802600028000995460012001270050017001390STCL150530s9999 xx 000 0 und d aSTCLcSTCL aBonamy Dobree aAlexander Pope bOxford universityc1963 aEnglish20220125170830.0